00773nam a2200193Ia 4500001001000000003000500010008004100015010001100056040000900067100003700076245020500113260003400318300001000352502010500362650001600467650002100483650002500504710005000529Para_6036CHAP220125s1991 xx 000 0 und d a204791 cCHAP aCotero García, Héctor Manuel aDetección de las plagas del rosal (Rosa spp.) y efecto de tres acaricidas contra araña roja (Tetranychus urticae Koch) en Villa Guerrero, Estado de México /c por Héctor Manuel Cotero García aChapingo, Méx. :b el autor a94 h. aTesis (Ing. Agr. Esp. en Parasitología Agrícola) -- UACh Departamento Parasitología Agrícola aAcaricidas  aRosas x plagas  aTetranychus telarius aUACh. Departamento Parasitología Agrícola